Sociedades extraeuropeas medievales: islam y extremo Oriente / (Record n. 28839)

Dettagli MARC
000 -LEADER
fixed length control field 00834nam a2200229 i 4500
003 - CONTROL NUMBER IDENTIFIER
control field IT-RoINE
005 - DATE AND TIME OF LATEST TRANSACTION
control field 20190201044950.0
008 - FIXED-LENGTH DATA ELEMENTS--GENERAL INFORMATION
fixed length control field 121001s2012 sp a |r|||||000 | spa d
020 ## - INTERNATIONAL STANDARD BOOK NUMBER
International Standard Book Number 9788499610825
040 ## - CATALOGING SOURCE
Original cataloging agency SpMaBN
Transcribing agency SpMaBN IT-RoINE
Modifying agency IT-RoINE
100 1# - MAIN ENTRY--PERSONAL NAME
Personal name López Pita, Paulina
9 (RLIN) 56720
245 10 - TITLE STATEMENT
Title Sociedades extraeuropeas medievales: islam y extremo Oriente /
Statement of responsibility, etc Paulina López Pita.
260 ## - PUBLICATION, DISTRIBUTION, ETC. (IMPRINT)
Place of publication, distribution, etc Madrid :
Name of publisher, distributor, etc Editorial Universitaria Ramón Areces ;
-- UNED,
Date of publication, distribution, etc 2012.
300 ## - PHYSICAL DESCRIPTION
Extent 332 p. :
Other physical details il., mapas
Dimensions 24 cm.
336 ## - CONTENT TYPE
Content type term Texto (visual)
Source isbdcontent
337 ## - MEDIA TYPE
Source rdamedia
Media type term unmediated
338 ## - CARRIER TYPE
Source rdacarrier
Carrier type term volume
504 ## - BIBLIOGRAPHY, ETC. NOTE
Bibliography, etc Bibliografía: p. 321-332.
651 #4 - SUBJECT ADDED ENTRY--GEOGRAPHIC NAME
Geographic name Países musulmanes
General subdivision Historia
Chronological subdivision 500-1500 (Edad media)
9 (RLIN) 56721
651 #4 - SUBJECT ADDED ENTRY--GEOGRAPHIC NAME
Geographic name Extremo Oriente
General subdivision Historia
Chronological subdivision 500-1500 (Edad media)
9 (RLIN) 56722
942 ## - ADDED ENTRY ELEMENTS (KOHA)
Item type Monografías
Dati di copia
Withdrawn status Lost status Damaged status Not for loan Home library Current library Shelving location Date acquired Total Checkouts Full call number Barcode Date last seen Price effective from Koha item type
        Iglesia Nacional Española en Roma Iglesia Nacional Española en Roma Depósito 01/02/2019   HIS.GEN 206 54688 01/02/2019 01/02/2019 Monografías